Online Catalogue and eLibrary

The ideology of popular justice in Sri Lanka : (Record no. 5875)

MARC details
000 -LEADER
fixed length control field 00616cam a2200205 a 4500
001 - CONTROL NUMBER
control field 4748309
005 - DATE AND TIME OF LATEST TRANSACTION
control field 20240530015522.0
008 - FIXED-LENGTH DATA ELEMENTS--GENERAL INFORMATION
fixed length control field 840919s1984 ii b 001 0 eng
020 ## - INTERNATIONAL STANDARD BOOK NUMBER
ISBN 0706925610
040 ## - CATALOGING SOURCE (பட்டியலாக்க மூலம்)
Original cataloging agency DLC
Transcribing agency DLC
Modifying agency DLC
082 ## - DDC Classification
DDC Edition Number 22
Class No. 344
Item Number - Author Mark THE
100 1# - MAIN ENTRY--PERSONAL NAME
Personal name Tiruchelvam, Neelan.
245 14 - TITLE STATEMENT
Title The ideology of popular justice in Sri Lanka :
Remainder of title a socio-legal inquiry /
Statement of responsibility, etc. Neelan Tiruchelvam.
260 ## - PUBLICATION, DISTRIBUTION, ETC.
Place of publication, distribution, etc. New Delhi :
Name of publisher, distributor, etc. Vikas Publishing house pvt Ltd
Date of publication, distribution, etc. 1984.
300 ## - PHYSICAL DESCRIPTION
Extent (e.g. Volumes, Pages etc.) vi, 215 p. ;
500 ## - GENERAL NOTE
General note Includes index.
650 #0 - SUBJECT ADDED ENTRY--TOPICAL TERM
Topical term or geographic name entry element Conciliation (Civil procedure)
650 #0 - SUBJECT ADDED ENTRY--TOPICAL TERM
Topical term or geographic name entry element Law and socialism.
942 ## - Koha item type (Biblio)
Koha item type Books in Stacks (Lending)
Holdings
Lost status Damaged status Collection code Home library Current library Date acquired Full call number Accession Number Item type
    Lending WERC Library WERC Library 05/30/2024 344 THE 68 Books in Stacks (Lending)

© WERC Library